000 00486nam a2200181Ia 4500
008 090123s9999 xx 000 0 und d
082 _b992
100 _aफडके ना. सी.
245 _aबावनकशी
250 _a1
260 _bकुलकर्णी अ.अ.
300 _a271
600 _aफडके ना. सी.
630 _aबावनकशी
700 _aफडके ना. सी.
730 _aबावनकशी
942 _cBOOK
999 _c39077
_d39077